00750nam a2200241 450000100060000000300080000600500170001400800410003102000150007203500190008704000320010604100080013808200210014610000240016724500550019126000420024630000320028835000090032049000650032950000460039450400500044065000180049029309BD-RjUL20211209051410.0140403t1969 enka b 001 0 eng d a0710062524 a(BD-RjUL)29394 aDLCcDLCdDLCdBD-RjULbeng aeng00a301.58bNES 19691 aNelson, Geoffrey K.10aSpiritualism and society /cby Geoffrey K. Nelson. aLondon :bRoutledge & K. Paul,c1969. axi, 307 p. :bill ;c23 cm. a42/-0 aInternational library of sociology and social reconstruction aBased on two University of London theses. aincludes Bibliographical reference and index. 0aSpiritualism.